00596 2200205 4500001002100000005001700021008004100038035002400079082001100103090001800114100001900132245010400151250000900255260003000264300003000294650003300324850001200357985000600369999001500375YOGYA-0209000005128520090227032703.0 ind  0010-020900000051285 a499.83 a499.83bAlm H aAlmatsier, A M aHow to master the Indonesian languagebA course for english - speaking foreignerscBy A.M Almatsier a5 ed aDjakartabDjambatanc1976 avii, 209 hlmbilusc18 cm aBahasa Indonesia - Pelajaran aYOPDYOG a1 aP000000375